| 000 | 00464nam a22001577a 4500 | ||
|---|---|---|---|
| 999 |
_c41117 _d41117 |
||
| 003 | OSt | ||
| 005 | 20210319152410.0 | ||
| 008 | 210312b ||||| |||| 00| 0 eng d | ||
| 020 | _a9789350131084 | ||
| 040 | _coclc | ||
| 082 |
_a371.271 _bJAI/S |
||
| 100 |
_98403 _aJain |
||
| 245 |
_aSSC Stenographers : _bGrade C And D Examinations / _cJain ; Lal |
||
| 260 |
_aAgra: _bUpkar Prakashan, |
||
| 942 |
_2ddc _cBK _h371.271 _iJAI/S _k371.271 _mJAI/S |
||